书目信息 |
| 题名: |
国际经济合作教程
|
|
| 作者: | 卢进勇 , 杜奇华 编著 | |
| 分册: | ||
| 出版信息: | 北京 首都经济贸易大学出版社 2009 |
|
| 页数: | 455页 | |
| 开本: | 23cm | |
| 丛书名: | ||
| 单 册: | ||
| 中图分类: | F114.4 | |
| 科图分类: | ||
| 主题词: | 国际合作--经济合作--高等学校--教材 , 国际合作 , 经济合作 | |
| 电子资源: | ||
| ISBN: | 978-7-5638-1335-3 | |
| 000 | 01036nam0 2200289 45 | |
| 005 | 20100301113918.71 | |
| 010 | @a978-7-5638-1335-3@dCNY39.50 | |
| 100 | @a20100120e2009 ek y0chiy0120 ea | |
| 101 | 0 | @achi@aeng |
| 102 | @aCN@b110000 | |
| 105 | @ay z 000yy | |
| 106 | @ar | |
| 200 | 1 | @a国际经济合作教程@AGuo Ji Jing Ji He Zuo Jiao Cheng@f卢进勇,杜奇华编著@FLu Jin Yong, Du Qi Hua Bian Zhu |
| 205 | @a2版@b修订版 | |
| 210 | @a北京@c首都经济贸易大学出版社@d2009 | |
| 215 | @a455页@d23cm | |
| 300 | @a高等院校经济与管理核心课经典系列教材 | |
| 330 | @a全书分为十三章,内容包括:国际经济合作总论、国际直接投资、跨国公司、中国利用外商直接投资、中国对外直接投资、国际间接投资、国际技术贸易等。 | |
| 510 | 1 | @aInternational Economc Cooperation@zeng |
| 606 | 0 | @a国际合作@x经济合作@x高等学校@j教材 |
| 606 | 0 | @a国际合作 |
| 606 | 0 | @a经济合作 |
| 690 | @aF114.4@v4 | |
| 701 | 0 | @a卢进勇@ALu Jin Yong@4编著 |
| 701 | 0 | @a杜奇华@ADu Qi Hua@4编著 |
| 801 | 0 | @aCN@bTANGWEI@c20100301 |
| 905 | @b0584466-70@dF114.4@e141=2@f5 | |
| 国际经济合作教程/卢进勇,杜奇华编著.-2版,修订版.-北京:首都经济贸易大学出版社,2009 |
| 455页;23cm |
| 高等院校经济与管理核心课经典系列教材 |
| ISBN 978-7-5638-1335-3:CNY39.50 |
| 全书分为十三章,内容包括:国际经济合作总论、国际直接投资、跨国公司、中国利用外商直接投资、中国对外直接投资、国际间接投资、国际技术贸易等。 |
| ● |
| 相关链接 |
|
|
|
|
正题名:国际经济合作教程
索取号:F114.4/141=2
 
预约/预借
| 序号 | 登录号 | 条形码 | 馆藏地/架位号 | 状态 | 备注 |
| 1 | 0584466 | 205844666 | 第一样本阅览室/ [索取号:F114.4/141=2] | 在馆 | |
| 2 | 0584467 | 205844675 | 密集书库-海洋学院/ [索取号:F114.4/141=2] | 在馆 | |
| 3 | 0584468 | 205844684 | 第一借阅区/ [索取号:F114.4/141=2] | 在馆 | |
| 4 | 0584469 | 205844693 | 第一借阅区/ [索取号:F114.4/141=2] | 在馆 | |
| 5 | 0584470 | 205844700 | 第一借阅区/ [索取号:F114.4/141=2] | 在馆 |